00229nam a2200085Ia 4500008004100000041000800041100001400049245004900063260003100112230508s2004 xx 000 0 und d aeng aMICROSOFT aMCSE TRAINING KIT NETWORKING ESSENTIALS PLUS bPRENTICE HALL OF INDc2004